00323nam a2200121Ia 4500008004100000020002200041041000800063082002700071100001400098245003800112260004200150300000900192230411s9999 xx 000 0 und d a978-81-88132-49-2 aeng aCH/610.7343/KIS/B07763 aKishore J aNational Health Programs of India bCentury PublicationsaNew Delhic2014 a950p